Memoria técnica de la Estrategia Nacional del Agua : (Registro nro. 15453)

Detalles MARC
000 -LEADER
fixed length control field 01262nam a22002297a 4500
003 - CONTROL NUMBER IDENTIFIER
control field OSt
005 - DATE AND TIME OF LATEST TRANSACTION
control field 20210320120715.0
008 - FIXED-LENGTH DATA ELEMENTS--GENERAL INFORMATION
fixed length control field 210320s1996 ck ||||gr|||| 00| 0 spa d
040 ## - CATALOGING SOURCE
Original cataloging agency CO-JMCR
Transcribing agency CO-JMCR
041 0# - LANGUAGE CODE
Language code of text/sound track or separate title spa
082 04 - DEWEY DECIMAL CLASSIFICATION NUMBER
Classification number 333.911609861 /
Item number C718m
Edition number 23
110 1# - MAIN ENTRY--CORPORATE NAME
Corporate name or jurisdiction name as entry element Colombia.
Subordinate unit Ministerio del Medio Ambiente
9 (RLIN) 10197
245 10 - TITLE STATEMENT
Title Memoria técnica de la Estrategia Nacional del Agua :
Remainder of title reflexiones sobre los requerimientos para la administración de la oferta hídrica nacional /
Statement of responsibility, etc. Ministerio del Medio Ambiente
260 ## - PUBLICATION, DISTRIBUTION, ETC.
Place of publication, distribution, etc. Bogotá :
Name of publisher, distributor, etc. Ministerio del Medio Ambiente,
Date of publication, distribution, etc. 1996
300 ## - PHYSICAL DESCRIPTION
Extent 150 páginas :
Other physical details ilustraciones a blanco y negro ;
Dimensions 28 cm.
504 ## - BIBLIOGRAPHY, ETC. NOTE
Bibliography, etc. note Bibliografía: página 150
505 0# - FORMATTED CONTENTS NOTE
Formatted contents note Formulación de la estrategia nacional del agua-Ena -- La responsabilidad pública en el manejo del agua -- Problemática de la sostenibilidad del agua -- Objetivos de gestión ambiental del agua -- Instrumentos para la gestión ambiental del agua -- La concertación para la gestión ambiental del agua -- Relaciones entre actores, procesos y competencias
650 ## - SUBJECT ADDED ENTRY--TOPICAL TERM
Topical term or geographic name entry element Conservación del agua
Geographic subdivision Colombia
9 (RLIN) 36389
650 24 - SUBJECT ADDED ENTRY--TOPICAL TERM
Topical term or geographic name entry element Utilización del agua
Geographic subdivision Colombia
9 (RLIN) 36390
650 24 - SUBJECT ADDED ENTRY--TOPICAL TERM
Topical term or geographic name entry element Abastecimiento de agua
Geographic subdivision Colombia
9 (RLIN) 36391
942 ## - ADDED ENTRY ELEMENTS (KOHA)
Source of classification or shelving scheme Dewey Decimal Classification
Koha item type Books
Existencias
Withdrawn status Lost status Source of classification or shelving scheme Damaged status Not for loan Collection code Home library Current library Date acquired Source of acquisition Total Checkouts Full call number Barcode Date last seen Date last checked out Copy number Price effective from Koha item type
    Dewey Decimal Classification     Non-fiction Biblioteca Pública José María del Castillo y Rada Biblioteca Pública José María del Castillo y Rada 04/15/2018 Donación 1 333.911609861 / C718m 201810914 05/16/2024 08/24/2023 Ej.1 03/20/2021 Books